Thailand gains from trade liberalisation, block rubber latex concentrate exports grow 100 (Record no. 70438)

MARC details
000 -LEADER
fixed length control field 00468nam a2200157Ia 4500
100 ## - MAIN ENTRY--AUTHOR NAME
Personal name Kachintorn Suriya
245 #0 - TITLE STATEMENT
Title Thailand gains from trade liberalisation, block rubber latex concentrate exports grow 100
260 ## - PUBLICATION, DISTRIBUTION, ETC. (IMPRINT)
Name of publisher Rubber International Magazine
Year of publication 2000
300 ## - PHYSICAL DESCRIPTION
Number of Pages 35-42
650 ## - SUBJECT ADDED ENTRY--TOPICAL TERM
Topical Term Block rubber
650 ## - SUBJECT ADDED ENTRY--TOPICAL TERM
Topical Term Rubber goods export
650 ## - SUBJECT ADDED ENTRY--TOPICAL TERM
Topical Term Thailand
650 ## - SUBJECT ADDED ENTRY--TOPICAL TERM
Topical Term Trade liberalisation
942 ## - ADDED ENTRY ELEMENTS (KOHA)
Koha item type Journals
Holdings
Withdrawn status Lost status Damaged status Not for loan Home library Current library Shelving location Date acquired Serial Enumeration / chronology Koha item type
      Journals RRII Library RRII Library Agricultural economics 17/12/2021 Volume 2, Issue 20 Journals